[Event "DEM U14w 2024"]
[Site "Willingen GER"]
[Date "2024.05.25"]
[Round "9"]
[White "Eitel, Liz"]
[Black "Ignatova, Gabriela"]
[Result "1/2-1/2"]
[Termination "normal"]
[Board "11"]
[WhiteElo "1602"]
[BlackElo "1552"]
[WhiteClock "01:07:09"]
[BlackClock "00:51:41"]
[PlyCount "41"]
[WhiteFideId "34622195"]
[BlackFideId "34623698"]
[EventCountry "GER"]
[EventRounds "9"]
[EventType "swiss"]
[EventDate "2024.05.18"]

1. d4 {[%clk 01:30:56]} {[%emt 00:00:04]} d5 {[%clk 01:30:36]} {[%emt
00:00:24]} 2. Bf4 {[%clk 01:31:20]} {[%emt 00:00:05]} Nf6 {[%clk 01:30:46]}
{[%emt 00:00:21]} 3. e3 {[%clk 01:31:39]} {[%emt 00:00:11]} e6 {[%clk
01:30:55]} {[%emt 00:00:21]} 4. Nf3 {[%clk 01:31:47]} {[%emt 00:00:21]} c5
{[%clk 01:30:11]} {[%emt 00:01:16]} 5. c3 {[%clk 01:32:11]} {[%emt 00:00:05]}
Nc6 {[%clk 01:28:26]} {[%emt 00:02:15]} 6. Nbd2 {[%clk 01:31:40]} {[%emt
00:01:01]} Be7 {[%clk 01:27:50]} {[%emt 00:01:06]} 7. Bd3 {[%clk 01:31:44]}
{[%emt 00:00:26]} O-O {[%clk 01:25:37]} {[%emt 00:02:43]} 8. O-O {[%clk
01:30:21]} {[%emt 00:01:54]} Nh5 {[%clk 01:20:06]} {[%emt 00:05:59]} 9. Bg3
{[%clk 01:29:48]} {[%emt 00:01:05]} Nxg3 {[%clk 01:19:06]} {[%emt 00:01:30]}
10. hxg3 {[%clk 01:30:07]} {[%emt 00:00:10]} Re8 {[%clk 01:16:22]} {[%emt
00:03:13]} 11. Re1 {[%clk 01:22:54]} {[%emt 00:07:43]} a6 {[%clk 01:11:55]}
{[%emt 00:04:58]} 12. Bc2 {[%clk 01:16:23]} {[%emt 00:07:02]} cxd4 {[%clk
01:07:39]} {[%emt 00:04:45]} 13. cxd4 {[%clk 01:16:06]} {[%emt 00:00:47]} Bf6
{[%clk 01:00:59]} {[%emt 00:07:10]} 14. Nb3 {[%clk 01:12:34]} {[%emt 00:04:02]}
e5 {[%clk 00:56:39]} {[%emt 00:04:50]} 15. dxe5 {[%clk 01:10:11]} {[%emt
00:02:53]} Nxe5 {[%clk 00:56:55]} {[%emt 00:00:14]} 16. Nxe5 {[%clk 01:09:45]}
{[%emt 00:00:56]} Bxe5 {[%clk 00:57:12]} {[%emt 00:00:13]} 17. Rb1 {[%clk
01:10:04]} {[%emt 00:00:11]} Be6 {[%clk 00:55:21]} {[%emt 00:02:21]} 18. e4
{[%clk 01:08:38]} {[%emt 00:01:56]} dxe4 {[%clk 00:53:15]} {[%emt 00:02:35]}
19. Qxd8 {[%clk 01:08:45]} {[%emt 00:00:23]} Raxd8 {[%clk 00:52:31]} {[%emt
00:01:15]} 20. Bxe4 {[%clk 01:07:07]} {[%emt 00:02:08]} Bxb3 {[%clk 00:51:41]}
{[%emt 00:01:20]} 21. axb3 {[%clk 01:07:09]} {[%emt 00:00:28]} 1/2-1/2

[Event "DEM U14w 2024"]
[Site "Willingen GER"]
[Date "2024.05.25"]
[Round "9"]
[White "Prokscha, Charlotte"]
[Black "Neumann, Anna-Lena"]
[Result "1-0"]
[Termination "normal"]
[Board "12"]
[WhiteElo "1666"]
[BlackElo "861"]
[WhiteClock "00:28:33"]
[BlackClock "00:36:45"]
[PlyCount "85"]
[WhiteFideId "34614699"]
[BlackFideId "34660321"]
[EventCountry "GER"]
[EventRounds "9"]
[EventType "swiss"]
[EventDate "2024.05.18"]

1. d4 {[%clk 01:30:34]} {[%emt 00:00:25]} Nf6 {[%clk 01:30:51]} {[%emt
00:00:09]} 2. c4 {[%clk 01:30:30]} {[%emt 00:00:34]} g6 {[%clk 01:30:55]}
{[%emt 00:00:26]} 3. Nf3 {[%clk 01:30:32]} {[%emt 00:00:28]} Bg7 {[%clk
01:31:07]} {[%emt 00:00:17]} 4. g3 {[%clk 01:30:33]} {[%emt 00:00:29]} O-O
{[%clk 01:31:12]} {[%emt 00:00:26]} 5. Bg2 {[%clk 01:30:39]} {[%emt 00:00:24]}
d6 {[%clk 01:30:30]} {[%emt 00:01:13]} 6. O-O {[%clk 01:30:37]} {[%emt
00:00:31]} Nbd7 {[%clk 01:30:05]} {[%emt 00:00:55]} 7. Nc3 {[%clk 01:30:09]}
{[%emt 00:00:57]} e5 {[%clk 01:26:51]} {[%emt 00:03:44]} 8. dxe5 {[%clk
01:24:19]} {[%emt 00:06:21]} dxe5 {[%clk 01:26:43]} {[%emt 00:00:38]} 9. e4
{[%clk 01:21:47]} {[%emt 00:03:02]} Nc5 {[%clk 01:24:36]} {[%emt 00:02:37]} 10.
Qc2 {[%clk 01:17:06]} {[%emt 00:05:08]} Be6 {[%clk 01:19:30]} {[%emt 00:05:39]}
11. Rd1 {[%clk 01:14:23]} {[%emt 00:03:12]} Qe7 {[%clk 01:19:02]} {[%emt
00:00:58]} 12. b3 {[%clk 01:13:45]} {[%emt 00:01:06]} Ng4 {[%clk 01:16:23]}
{[%emt 00:03:11]} 13. Ba3 {[%clk 01:02:41]} {[%emt 00:11:35]} b6 {[%clk
01:12:45]} {[%emt 00:04:08]} 14. Na4 {[%clk 00:57:47]} {[%emt 00:05:21]} f5
{[%clk 01:07:51]} {[%emt 00:05:27]} 15. Nxc5 {[%clk 00:54:29]} {[%emt
00:03:49]} bxc5 {[%clk 01:07:36]} {[%emt 00:00:44]} 16. h3 {[%clk 00:41:11]}
{[%emt 00:13:49]} Nh6 {[%clk 01:03:37]} {[%emt 00:04:28]} 17. Bb2 {[%clk
00:36:21]} {[%emt 00:05:20]} Bd7 {[%clk 00:59:51]} {[%emt 00:04:14]} 18. Nxe5
{[%clk 00:33:09]} {[%emt 00:03:44]} Bxe5 {[%clk 00:59:49]} {[%emt 00:00:32]}
19. Rxd7 {[%clk 00:30:50]} {[%emt 00:02:49]} Qxd7 {[%clk 00:58:22]} {[%emt
00:01:57]} 20. Bxe5 {[%clk 00:31:12]} {[%emt 00:00:08]} Qe6 {[%clk 00:56:49]}
{[%emt 00:02:00]} 21. Bf4 {[%clk 00:31:10]} {[%emt 00:00:32]} Kg7 {[%clk
00:54:48]} {[%emt 00:02:34]} 22. Qc3+ {[%clk 00:30:54]} {[%emt 00:00:44]} Rf6
{[%clk 00:53:33]} {[%emt 00:01:46]} 23. exf5 {[%clk 00:30:38]} {[%emt
00:00:46]} Nxf5 {[%clk 00:53:19]} {[%emt 00:00:44]} 24. Bxa8 {[%clk 00:28:14]}
{[%emt 00:02:55]} Nd4 {[%clk 00:51:55]} {[%emt 00:01:53]} 25. Kg2 {[%clk
00:26:18]} {[%emt 00:02:26]} Ne2 {[%clk 00:47:15]} {[%emt 00:05:10]} 26. Qe5
{[%clk 00:25:08]} {[%emt 00:01:38]} Nxf4+ {[%clk 00:42:42]} {[%emt 00:05:06]}
27. gxf4 {[%clk 00:25:28]} {[%emt 00:00:09]} Qf7 {[%clk 00:41:52]} {[%emt
00:01:20]} 28. Bd5 {[%clk 00:25:34]} {[%emt 00:00:19]} Qf8 {[%clk 00:41:59]}
{[%emt 00:00:28]} 29. Re1 {[%clk 00:25:20]} {[%emt 00:00:43]} Qd8 {[%clk
00:41:29]} {[%emt 00:01:00]} 30. Kg3 {[%clk 00:24:59]} {[%emt 00:00:48]} Kh6
{[%clk 00:41:16]} {[%emt 00:00:47]} 31. Qg5+ {[%clk 00:25:07]} {[%emt
00:00:19]} Kg7 {[%clk 00:41:11]} {[%emt 00:00:39]} 32. Re6 {[%clk 00:25:01]}
{[%emt 00:00:31]} c6 {[%clk 00:38:21]} {[%emt 00:03:24]} 33. Rxc6 {[%clk
00:25:07]} {[%emt 00:00:25]} Qe7 {[%clk 00:37:46]} {[%emt 00:01:04]} 34. Rxf6
{[%clk 00:25:09]} {[%emt 00:00:29]} Qxf6 {[%clk 00:37:26]} {[%emt 00:00:50]}
35. Qxf6+ {[%clk 00:25:35]} {[%emt 00:00:04]} Kxf6 {[%clk 00:37:47]} {[%emt
00:00:10]} 36. a3 {[%clk 00:26:01]} {[%emt 00:00:03]} a5 {[%clk 00:37:41]}
{[%emt 00:00:36]} 37. Bg8 {[%clk 00:26:21]} {[%emt 00:00:10]} Kg7 {[%clk
00:37:31]} {[%emt 00:00:39]} 38. Bd5 {[%clk 00:26:37]} {[%emt 00:00:15]} h5
{[%clk 00:37:45]} {[%emt 00:00:16]} 39. b4 {[%clk 00:27:02]} {[%emt 00:00:05]}
cxb4 {[%clk 00:37:25]} {[%emt 00:00:50]} 40. axb4 {[%clk 00:27:27]} {[%emt
00:00:05]} axb4 {[%clk 00:37:16]} {[%emt 00:00:39]} 41. c5 {[%clk 00:27:53]}
{[%emt 00:00:04]} Kf8 {[%clk 00:37:00]} {[%emt 00:00:45]} 42. Kh4 {[%clk
00:28:13]} {[%emt 00:00:11]} b3 {[%clk 00:36:45]} {[%emt 00:00:45]} 43. Bxb3
{[%clk 00:28:33]} {[%emt 00:00:10]} 1-0

[Event "DEM U14w 2024"]
[Site "Willingen GER"]
[Date "2024.05.25"]
[Round "9"]
[White "Fischermann, Charlotte"]
[Black "Hamati, Emeli"]
[Result "1-0"]
[Termination "normal"]
[Board "13"]
[WhiteElo "1622"]
[BlackElo "853"]
[WhiteClock "01:10:11"]
[BlackClock "00:41:00"]
[PlyCount "103"]
[WhiteFideId "34619690"]
[BlackFideId "533000662"]
[EventCountry "GER"]
[EventRounds "9"]
[EventType "swiss"]
[EventDate "2024.05.18"]

1. e4 {[%clk 01:30:58]} e6 {[%clk 01:30:56]} {[%emt 00:00:05]} 2. d4 {[%clk
01:31:23]} {[%emt 00:00:04]} d5 {[%clk 01:31:22]} {[%emt 00:00:04]} 3. exd5
{[%clk 01:31:46]} {[%emt 00:00:08]} exd5 {[%clk 01:31:45]} {[%emt 00:00:06]} 4.
Nc3 {[%clk 01:32:09]} {[%emt 00:00:06]} Be6 {[%clk 01:31:14]} {[%emt 00:01:02]}
5. Bd3 {[%clk 01:31:58]} {[%emt 00:00:40]} Bd6 {[%clk 01:30:44]} {[%emt
00:01:01]} 6. Nge2 {[%clk 01:31:56]} {[%emt 00:00:32]} Ne7 {[%clk 01:31:03]}
{[%emt 00:00:12]} 7. Bg5 {[%clk 01:30:57]} {[%emt 00:01:28]} f6 {[%clk
01:30:55]} {[%emt 00:00:37]} 8. Bf4 {[%clk 01:31:13]} {[%emt 00:00:15]} Nbc6
{[%clk 01:30:40]} {[%emt 00:00:45]} 9. Bb5 {[%clk 01:30:49]} {[%emt 00:00:53]}
Qd7 {[%clk 01:28:03]} {[%emt 00:03:08]} 10. Bxd6 {[%clk 01:29:29]} {[%emt
00:01:50]} Qxd6 {[%clk 01:28:06]} {[%emt 00:00:26]} 11. a3 {[%clk 01:29:06]}
{[%emt 00:00:54]} O-O-O {[%clk 01:26:56]} {[%emt 00:01:41]} 12. Qd2 {[%clk
01:25:53]} {[%emt 00:03:42]} a6 {[%clk 01:23:16]} {[%emt 00:04:09]} 13. Ba4
{[%clk 01:25:53]} {[%emt 00:00:31]} Rhe8 {[%clk 01:15:38]} {[%emt 00:08:06]}
14. O-O-O {[%clk 01:24:58]} {[%emt 00:01:28]} Bd7 {[%clk 01:15:14]} {[%emt
00:00:51]} 15. Nf4 {[%clk 01:23:15]} {[%emt 00:02:14]} Nf5 {[%clk 01:14:23]}
{[%emt 00:01:21]} 16. Nfxd5 {[%clk 01:21:44]} {[%emt 00:02:02]} Ncxd4 {[%clk
01:13:21]} {[%emt 00:01:32]} 17. Bxd7+ {[%clk 01:21:11]} {[%emt 00:01:04]} Rxd7
{[%clk 01:12:27]} {[%emt 00:01:23]} 18. g4 {[%clk 01:20:46]} {[%emt 00:00:55]}
Nf3 {[%clk 01:11:46]} {[%emt 00:01:11]} 19. Qd3 {[%clk 01:20:28]} {[%emt
00:00:47]} N5d4 {[%clk 01:09:54]} {[%emt 00:02:23]} 20. Qxh7 {[%clk 01:17:28]}
{[%emt 00:03:30]} g5 {[%clk 00:58:51]} {[%emt 00:11:32]} 21. Qg6 {[%clk
01:16:12]} {[%emt 00:01:46]} Red8 {[%clk 00:56:59]} {[%emt 00:02:21]} 22. Qxf6
{[%clk 01:15:21]} {[%emt 00:01:23]} Qxf6 {[%clk 00:55:30]} {[%emt 00:01:59]}
23. Nxf6 {[%clk 01:15:47]} {[%emt 00:00:04]} Rd6 {[%clk 00:54:42]} {[%emt
00:01:19]} 24. Nfe4 {[%clk 01:13:43]} {[%emt 00:02:33]} Re6 {[%clk 00:53:48]}
{[%emt 00:01:23]} 25. Nc5 {[%clk 01:12:34]} {[%emt 00:01:39]} Ne2+ {[%clk
00:53:42]} {[%emt 00:00:37]} 26. Nxe2 {[%clk 01:12:28]} {[%emt 00:00:36]} Rxe2
{[%clk 00:54:06]} {[%emt 00:00:06]} 27. Rxd8+ {[%clk 01:11:31]} {[%emt
00:01:27]} Kxd8 {[%clk 00:53:39]} {[%emt 00:00:56]} 28. Nd3 {[%clk 01:11:21]}
{[%emt 00:00:41]} Nd4 {[%clk 00:53:10]} {[%emt 00:00:58]} 29. c3 {[%clk
01:04:22]} {[%emt 00:07:30]} Nf3 {[%clk 00:50:37]} {[%emt 00:03:03]} 30. Rd1
{[%clk 01:04:09]} {[%emt 00:00:41]} Re8 {[%clk 00:49:55]} {[%emt 00:01:13]} 31.
Ne5+ {[%clk 01:04:11]} {[%emt 00:00:28]} Kc8 {[%clk 00:47:54]} {[%emt
00:02:31]} 32. Nxf3 {[%clk 01:04:35]} {[%emt 00:00:07]} Rg8 {[%clk 00:47:38]}
{[%emt 00:00:46]} 33. Rd5 {[%clk 01:04:38]} {[%emt 00:00:27]} Rf8 {[%clk
00:47:22]} {[%emt 00:00:46]} 34. Rf5 {[%clk 01:04:33]} {[%emt 00:00:35]} Rxf5
{[%clk 00:45:43]} {[%emt 00:02:10]} 35. gxf5 {[%clk 01:04:58]} {[%emt
00:00:05]} g4 {[%clk 00:46:00]} {[%emt 00:00:12]} 36. Ne5 {[%clk 01:05:04]}
{[%emt 00:00:24]} Kd8 {[%clk 00:43:58]} {[%emt 00:02:30]} 37. Nxg4 {[%clk
01:05:28]} {[%emt 00:00:08]} Ke7 {[%clk 00:44:07]} {[%emt 00:00:21]} 38. h4
{[%clk 01:05:44]} {[%emt 00:00:13]} Kf7 {[%clk 00:44:05]} {[%emt 00:00:33]} 39.
h5 {[%clk 01:05:48]} {[%emt 00:00:26]} c6 {[%clk 00:43:36]} {[%emt 00:00:59]}
40. Kd2 {[%clk 01:06:14]} {[%emt 00:00:05]} c5 {[%clk 00:43:11]} {[%emt
00:00:53]} 41. Ke3 {[%clk 01:06:37]} {[%emt 00:00:07]} c4 {[%clk 00:42:41]}
{[%emt 00:01:01]} 42. Kd4 {[%clk 01:06:59]} {[%emt 00:00:08]} b5 {[%clk
00:42:23]} {[%emt 00:00:48]} 43. h6 {[%clk 01:07:22]} {[%emt 00:00:07]} Kg8
{[%clk 00:41:50]} {[%emt 00:01:02]} 44. Ke5 {[%clk 01:07:32]} {[%emt 00:00:21]}
Kh7 {[%clk 00:41:45]} {[%emt 00:00:34]} 45. Ke6 {[%clk 01:07:57]} {[%emt
00:00:06]} Kg8 {[%clk 00:41:46]} {[%emt 00:00:28]} 46. Ke7 {[%clk 01:08:14]}
{[%emt 00:00:14]} Kh7 {[%clk 00:41:15]} {[%emt 00:01:00]} 47. f6 {[%clk
01:08:23]} {[%emt 00:00:22]} Kg6 {[%clk 00:41:18]} {[%emt 00:00:26]} 48. f7
{[%clk 01:08:41]} {[%emt 00:00:12]} Kg5 {[%clk 00:41:39]} {[%emt 00:00:08]} 49.
f8=Q {[%clk 01:09:04]} {[%emt 00:00:08]} Kxg4 {[%clk 00:41:46]} {[%emt
00:00:23]} 50. h7 {[%clk 01:09:26]} {[%emt 00:00:09]} Kh3 {[%clk 00:41:44]}
{[%emt 00:00:31]} 51. Qg7 {[%clk 01:09:45]} {[%emt 00:00:11]} Kh4 {[%clk
00:41:00]} {[%emt 00:01:01]} 52. h8=Q# {[%clk 01:10:11]} {[%emt 00:00:17]} 1-0

[Event "DEM U14w 2024"]
[Site "Willingen GER"]
[Date "2024.05.25"]
[Round "9"]
[White "Funke, Luise"]
[Black "Abram, Kristina-Maria"]
[Result "0-1"]
[Termination "normal"]
[Board "14"]
[WhiteElo "1330"]
[BlackElo "1482"]
[WhiteClock "00:47:06"]
[BlackClock "01:19:33"]
[PlyCount "110"]
[WhiteFideId "34623752"]
[BlackFideId "16298349"]
[EventCountry "GER"]
[EventRounds "9"]
[EventType "swiss"]
[EventDate "2024.05.18"]

1. e4 {[%clk 01:30:58]} d5 {[%clk 01:30:54]} {[%emt 00:00:06]} 2. exd5 {[%clk
01:31:21]} {[%emt 00:00:07]} Qxd5 {[%clk 01:31:20]} {[%emt 00:00:05]} 3. Nc3
{[%clk 01:31:40]} {[%emt 00:00:10]} Qa5 {[%clk 01:31:43]} {[%emt 00:00:07]} 4.
d4 {[%clk 01:32:01]} {[%emt 00:00:10]} c6 {[%clk 01:32:07]} {[%emt 00:00:05]}
5. Bc4 {[%clk 01:32:20]} {[%emt 00:00:11]} Nf6 {[%clk 01:32:28]} {[%emt
00:00:09]} 6. Bd2 {[%clk 01:32:38]} {[%emt 00:00:11]} Qc7 {[%clk 01:32:48]}
{[%emt 00:00:11]} 7. Nf3 {[%clk 01:32:37]} {[%emt 00:00:31]} Bf5 {[%clk
01:33:09]} {[%emt 00:00:10]} 8. O-O {[%clk 01:32:08]} {[%emt 00:00:58]} e6
{[%clk 01:33:29]} {[%emt 00:00:10]} 9. Re1 {[%clk 01:31:20]} {[%emt 00:01:18]}
Bd6 {[%clk 01:32:55]} {[%emt 00:00:59]} 10. Ne2 {[%clk 01:29:36]} {[%emt
00:02:20]} O-O {[%clk 01:31:08]} {[%emt 00:02:16]} 11. Ng3 {[%clk 01:25:45]}
{[%emt 00:04:20]} Bg4 {[%clk 01:31:02]} {[%emt 00:00:32]} 12. Bg5 {[%clk
01:22:05]} {[%emt 00:04:15]} Nbd7 {[%clk 01:30:25]} {[%emt 00:01:08]} 13. Qd3
{[%clk 01:20:24]} {[%emt 00:02:11]} h6 {[%clk 01:30:07]} {[%emt 00:00:47]} 14.
Bd2 {[%clk 01:18:37]} {[%emt 00:02:18]} b5 {[%clk 01:29:10]} {[%emt 00:01:27]}
15. Bb3 {[%clk 01:18:43]} {[%emt 00:00:23]} a6 {[%clk 01:28:43]} {[%emt
00:00:58]} 16. c3 {[%clk 01:17:54]} {[%emt 00:01:18]} c5 {[%clk 01:26:22]}
{[%emt 00:02:52]} 17. Bc2 {[%clk 01:15:54]} {[%emt 00:02:29]} c4 {[%clk
01:26:06]} {[%emt 00:00:46]} 18. Qe2 {[%clk 01:13:34]} {[%emt 00:02:50]} e5
{[%clk 01:24:57]} {[%emt 00:01:39]} 19. Be4 {[%clk 01:11:41]} {[%emt 00:02:22]}
Nxe4 {[%clk 01:20:53]} {[%emt 00:04:35]} 20. Qxe4 {[%clk 01:11:40]} {[%emt
00:00:31]} Nf6 {[%clk 01:21:08]} {[%emt 00:00:14]} 21. Qe3 {[%clk 01:11:47]}
{[%emt 00:00:23]} e4 {[%clk 01:20:36]} {[%emt 00:01:03]} 22. Nxe4 {[%clk
01:06:24]} {[%emt 00:05:53]} Nxe4 {[%clk 01:19:33]} {[%emt 00:01:33]} 23. Qxe4
{[%clk 01:06:43]} {[%emt 00:00:11]} Bxf3 {[%clk 01:19:59]} {[%emt 00:00:05]}
24. Qxf3 {[%clk 01:07:02]} {[%emt 00:00:10]} Bxh2+ {[%clk 01:20:17]} {[%emt
00:00:12]} 25. Kh1 {[%clk 01:07:07]} {[%emt 00:00:25]} Bd6 {[%clk 01:20:15]}
{[%emt 00:00:13]} 26. Qg4 {[%clk 01:06:53]} {[%emt 00:01:03]} Qc8 {[%clk
01:19:18]} {[%emt 00:01:24]} 27. Qxc8 {[%clk 01:03:32]} {[%emt 00:03:54]} Raxc8
{[%clk 01:17:34]} {[%emt 00:02:14]} 28. Re4 {[%clk 00:57:01]} {[%emt 00:07:02]}
Rfe8 {[%clk 01:17:47]} {[%emt 00:00:16]} 29. Rae1 {[%clk 00:56:59]} {[%emt
00:00:32]} Rxe4 {[%clk 01:17:58]} {[%emt 00:00:19]} 30. Rxe4 {[%clk 00:57:22]}
{[%emt 00:00:07]} Kf8 {[%clk 01:18:24]} {[%emt 00:00:03]} 31. Kg1 {[%clk
00:55:38]} {[%emt 00:02:15]} Re8 {[%clk 01:18:43]} {[%emt 00:00:11]} 32. Rxe8+
{[%clk 00:55:26]} {[%emt 00:00:42]} Kxe8 {[%clk 01:19:08]} {[%emt 00:00:06]}
33. Kf1 {[%clk 00:55:48]} {[%emt 00:00:07]} Ke7 {[%clk 01:19:31]} {[%emt
00:00:06]} 34. Ke2 {[%clk 00:55:50]} {[%emt 00:00:30]} g5 {[%clk 01:19:54]}
{[%emt 00:00:05]} 35. Kf3 {[%clk 00:55:39]} {[%emt 00:00:43]} f5 {[%clk
01:20:05]} {[%emt 00:00:19]} 36. Ke2 {[%clk 00:54:34]} {[%emt 00:01:34]} Kf6
{[%clk 01:20:25]} {[%emt 00:00:10]} 37. b3 {[%clk 00:54:06]} {[%emt 00:00:59]}
h5 {[%clk 01:19:35]} {[%emt 00:01:19]} 38. Ke3 {[%clk 00:50:39]} {[%emt
00:03:57]} Bf4+ {[%clk 01:19:08]} {[%emt 00:00:56]} 39. Ke2 {[%clk 00:51:02]}
{[%emt 00:00:08]} Bxd2 {[%emt 00:00:05]} 40. Kxd2 {[%clk 00:51:26]} {[%emt
00:00:06]} f4 {[%clk 01:19:53]} {[%emt 00:00:11]} 41. Ke2 {[%clk 00:51:32]}
{[%emt 00:00:23]} g4 {[%clk 01:20:08]} {[%emt 00:00:14]} 42. g3 {[%clk
00:50:25]} {[%emt 00:01:38]} fxg3 {[%clk 01:18:04]} {[%emt 00:02:34]} 43. fxg3
{[%clk 00:50:49]} {[%emt 00:00:06]} Kf5 {[%clk 01:18:22]} {[%emt 00:00:11]} 44.
Kf2 {[%clk 00:51:09]} {[%emt 00:00:10]} Ke4 {[%clk 01:18:10]} {[%emt 00:00:41]}
45. Ke2 {[%clk 00:51:02]} {[%emt 00:00:40]} cxb3 {[%clk 01:18:11]} {[%emt
00:00:29]} 46. axb3 {[%clk 00:51:24]} {[%emt 00:00:08]} a5 {[%clk 01:18:38]}
{[%emt 00:00:02]} 47. Kd2 {[%clk 00:51:12]} {[%emt 00:00:42]} b4 {[%clk
01:16:57]} {[%emt 00:02:11]} 48. Kc2 {[%clk 00:45:16]} {[%emt 00:06:25]} h4
{[%clk 01:16:59]} {[%emt 00:00:30]} 49. cxb4 {[%clk 00:45:08]} {[%emt
00:00:38]} axb4 {[%clk 01:17:19]} {[%emt 00:00:09]} 50. Kd2 {[%clk 00:45:31]}
{[%emt 00:00:07]} hxg3 {[%clk 01:17:39]} {[%emt 00:00:10]} 51. Ke2 {[%clk
00:45:52]} {[%emt 00:00:09]} Kxd4 {[%clk 01:18:02]} {[%emt 00:00:08]} 52. Kf1
{[%clk 00:46:12]} {[%emt 00:00:09]} Kc3 {[%clk 01:18:20]} {[%emt 00:00:12]} 53.
Kg2 {[%clk 00:46:36]} {[%emt 00:00:06]} Kxb3 {[%clk 01:18:47]} {[%emt
00:00:03]} 54. Kxg3 {[%clk 00:46:53]} {[%emt 00:00:13]} Kc2 {[%clk 01:19:13]}
{[%emt 00:00:05]} 55. Kxg4 {[%clk 00:47:06]} {[%emt 00:00:16]} b3 {[%clk
01:19:33]} {[%emt 00:00:10]} 0-1